000 01652cam a22003613a 4500
001 14031874
003 OSt
005 20240617100450.0
008 050711s2006 gw a b 001 0 eng d
010 _a 2005930493
020 _a3540263446 (hd.bd.)
020 _a9783540263449
035 _a(CStRLIN)PAUGV3964010-B
035 _a(PU)3964010
040 _aOHX
_cMUST
_dBAKER
_dHNK
_dDLC
050 0 0 _aMLCM 2006/40205 (T)
082 _a511.326
_bSAG 2006
100 1 _aSagaut, Pierre,
_d1967-
_917285
245 1 0 _aLarge eddy simulation for incompressible flows :
_ban introduction /
_cPierre Sagaut ; with a foreword by Charles Meneveau.
250 _a3rd ed.
260 _aBerlin ;
_aNew York :
_bSpringer,
_c2006.
300 _axxix, 556 p. :
_bill. ;
_c24 cm.
440 0 _aScientific computation,
_x1434-8322
_917286
504 _aIncludes bibliographical references (p. [513]-551) and index.
650 0 _aTurbulence
_xMathematical models.
_917060
650 0 _aEddies
_xMathematical models.
_917287
856 4 2 _3Publisher description
_uhttp://www.loc.gov/catdir/enhancements/fy0662/2005930493-d.html
856 4 1 _3Table of contents only
_uhttp://www.loc.gov/catdir/enhancements/fy0824/2005930493-t.html
906 _a7
_bcbc
_ccopycat
_d2
_encip
_f20
_gy-gencatlg
942 _2ddc
_cO_SHELF
999 _c8511
_d8511